[Event "Doha Winter Cup"]
[Site "Doha"]
[Date "2018.02.10"]
[Round "8"]
[White "Omar, Ahmed Salah"]
[Black "Nasar, El Hassan"]
[Result "1-0"]
[WhiteElo "1676"]
[BlackElo "1603"]
[PlyCount "49"]
[EventDate "2018.02.01"]
[EventType "tourn"]
[EventRounds "9"]
[EventCountry "QAT"]
[SourceTitle "CBM 182 Extra"]
[Source "ChessBase"]
[SourceDate "2018.02.23"]
[SourceVersion "1"]
[SourceVersionDate "2018.02.23"]
[SourceQuality "1"]

1. e4 e5 2. Nf3 Nc6 3. Bb5 a6 4. Ba4 Nf6 5. d4 b5 6. Bb3 Nxd4 7. Bxf7+ Kxf7 8. Nxe5+ Kg8 9. Qxd4 c5 10. Qd3 Qe7 11. Bf4 Bb7 12. Nd2 d5 13. exd5 Rd8 14. 0-0 Bxd5 15. Qe3 Nh5 16. Bg5 Nf6 17. Rfe1 Qb7 18. Ndf3 Bd6 19. Bxf6 gxf6 20. Ng4 Qg7 21. Nh6+ Kf8 22. Nf5 Bxh2+ 23. Kxh2 Qc7+ 24. Kg1 Rg8 25. Qh6+ 1-0

[Event "Doha Winter Cup"]
[Site "Doha"]
[Date "2018.02.09"]
[Round "7"]
[White "Bologan, Anton"]
[Black "Omar, Ahmed Salah"]
[Result "0-1"]
[WhiteElo "1222"]
[BlackElo "1676"]
[PlyCount "54"]
[EventDate "2018.02.01"]
[EventType "tourn"]
[EventRounds "9"]
[EventCountry "QAT"]
[SourceTitle "CBM 182 Extra"]
[Source "ChessBase"]
[SourceDate "2018.02.23"]
[SourceVersion "1"]
[SourceVersionDate "2018.02.23"]
[SourceQuality "1"]

1. e4 c5 2. Nf3 e6 3. d4 cxd4 4. Nxd4 a6 5. Nc3 Qc7 6. Be3 Nf6 7. Bd3 Be7 8. 0-0 0-0 9. f4 d6 10. a4 b6 11. b4 Qxc3 12. e5 Nd5 13. Qh5 g6 14. Qf3 Nxe3 15. Qxe3 Bb7 16. f5 dxe5 17. Nb3 exf5 18. Qh6 e4 19. Be2 Nc6 20. Ra3 Qg7 21. Qf4 Bxb4 22. Ra2 Nd4 23. Nxd4 Qxd4+ 24. Rf2 Bd5 25. Ra1 Qxa1+ 26. Rf1 Qd4+ 27. Rf2 Bc5 0-1

[Event "Doha Winter Cup"]
[Site "Doha"]
[Date "2018.02.03"]
[Round "5"]
[White "Al Modiahki, Ali"]
[Black "Omar, Ahmed Salah"]
[Result "1/2-1/2"]
[WhiteElo "2093"]
[BlackElo "1676"]
[PlyCount "44"]
[EventDate "2018.02.01"]
[EventType "tourn"]
[EventRounds "9"]
[EventCountry "QAT"]
[SourceTitle "CBM 182 Extra"]
[Source "ChessBase"]
[SourceDate "2018.02.23"]
[SourceVersion "1"]
[SourceVersionDate "2018.02.23"]
[SourceQuality "1"]

1. e4 c5 2. c3 d5 3. Bb5+ Bd7 4. Bxd7+ Qxd7 5. e5 Nc6 6. d4 cxd4 7. cxd4 e6 8. Ne2 Nge7 9. 0-0 Ng6 10. Ng3 Be7 11. Nc3 0-0 12. f4 Nh4 13. Be3 g6 14. Qg4 Nf5 15. Nxf5 exf5 16. Qf3 Rfd8 17. h3 h5 18. a3 a6 19. Kh2 b5 20. Kg1 Kg7 21. b4 Rac8 22. Rac1 Qe6 1/2-1/2

[Event "Doha Winter Cup"]
[Site "Doha"]
[Date "2018.02.03"]
[Round "4"]
[White "Omar, Ahmed Salah"]
[Black "Al Marri, Omar"]
[Result "0-1"]
[WhiteElo "1676"]
[BlackElo "2118"]
[PlyCount "120"]
[EventDate "2018.02.01"]
[EventType "tourn"]
[EventRounds "9"]
[EventCountry "QAT"]
[SourceTitle "CBM 182 Extra"]
[Source "ChessBase"]
[SourceDate "2018.02.23"]
[SourceVersion "1"]
[SourceVersionDate "2018.02.23"]
[SourceQuality "1"]

1. e4 e5 2. Nf3 Nc6 3. Bb5 a6 4. Ba4 Nf6 5. d4 exd4 6. e5 Ne4 7. Nxd4 Nc5 8. Nxc6 bxc6 9. Bb3 Nxb3 10. axb3 Bc5 11. 0-0 0-0 12. Kh1 d6 13. exd6 cxd6 14. Nc3 d5 15. Qd3 a5 16. Qg3 Bf5 17. Na4 Bd6 18. Bf4 Bxf4 19. Qxf4 Bxc2 20. Rfc1 Bxb3 21. Rxc6 Rb8 22. Nc5 Bc4 23. Rd6 Qc7 24. Nd7 Rbd8 25. Nf6+ gxf6 26. Qg4+ Kh8 27. Rxf6 Qe5 28. Rf5 Qxb2 29. Rg1 Bd3 30. Rf4 Rg8 31. Qh4 Be4 32. f3 Bg6 33. Rd4 Rge8 34. Qf6+ Kg8 35. h4 a4 36. h5 Rd6 37. Qf4 Bxh5 38. Rxa4 Qf6 39. Qg3+ Bg6 40. Rga1 d4 41. f4 Rd5 42. Ra6 Rh5+ 43. Kg1 Qh4 44. Qxh4 Rxh4 45. g3 Rg4 46. Kf2 d3 47. R1a2 h5 48. R6a5 h4 49. f5 hxg3+ 50. Kg2 Re2+ 51. Kf3 g2 52. fxg6 g1Q 53. gxf7+ Kxf7 54. Rf5+ Kg6 55. Ra6+ Kxf5 56. Ra5+ Kg6 57. Ra6+ Kh5 58. Rh6+ Kg5 59. Rh5+ Kf6 60. Rf5+ Ke6 0-1